Central Library OPAC University of Rajshahi

Corporate planning / (Record no. 14704)

MARC details
000 -LEADER
fixed length control field 00652nam a2200229 a 4500
001 - CONTROL NUMBER
control field 14704
003 - CONTROL NUMBER IDENTIFIER
rucl marc code BD-RjUL
005 - DATE AND TIME OF LATEST TRANSACTION
control field 20211208235657.0
008 - FIXED-LENGTH DATA ELEMENTS--GENERAL INFORMATION
fixed length control field 140208s1980 enka 001 0 eng d
035 ## - SYSTEM CONTROL NUMBER
System control number (BD-RjUL)14758
-- CURL 020000122965(Edi) from mvsc070
040 ## - CATALOGING SOURCE
Original cataloging agency BD-RjUL
Language of cataloging eng
Transcribing agency BD-RjUL
Modifying agency BD-RjUL
041 ## - LANGUAGE CODE
Language code of text/sound track or separate title eng
082 00 - DEWEY DECIMAL CLASSIFICATION NUMBER
Classification number 658.4012
Edition number 19
Author mark and year JOC 1980
100 1# - MAIN ENTRY--PERSONAL NAME
Personal name Jones, Harry,
Dates associated with a name 1911-
9 (RLIN) 45825
245 10 - TITLE STATEMENT
Title Corporate planning /
Statement of responsibility, etc. Harry Jones
260 ## - PUBLICATION, DISTRIBUTION, ETC. (IMPRINT)
Place of publication, distribution, etc. Aldershot :
Name of publisher, distributor, etc. Gower,
Date of publication, distribution, etc. 1980.
300 ## - PHYSICAL DESCRIPTION
Pagination xiv, 258 p :
Illustrations ill. ;
Size 23 cm
504 ## - BIBLIOGRAPHY, ETC. NOTE
Bibliography, etc Includes index.
650 #0 - SUBJECT ADDED ENTRY--TOPICAL TERM
Topical term or geographic name as entry element Corporate planning
9 (RLIN) 45826
942 ## - ADDED ENTRY ELEMENTS (KOHA)
Source of classification or shelving scheme Dewey Decimal Classification
Koha item type Books
Holdings
Lost status Source of classification or shelving scheme Damaged status Not for loan Collection code Permanent Location Current Location Shelving location Date acquired Source of acquisition Total Checkouts Full call number Date last seen Copy number Koha item type
  Dewey Decimal Classification     Non-fiction Central Library, University of Rajshahi Central Library, University of Rajshahi   10/02/1986 Asia foundation   658.4012 JOC 1980 08/02/2014 C-2 Books
  Dewey Decimal Classification   Not For Loan Non-fiction Central Library, University of Rajshahi Central Library, University of Rajshahi Reading Room 11/11/1984 U. S. A. Asia foundation   658.4012 JOC 1980 27/12/2016 C-1 Books